000 00549nam a22001695i 4500
001 169838
003 ES-MaACL
005 20230906214220.0
008 081204s1987 ru |||| | spa d
080 _a252.14(47+57)
100 1 _aTroyanovski, Igor.
_9139008
245 1 3 _aLa iglesia católica en la URSS /
_cIgor Troyanovski.
260 _aMoscú :
_bEditorial de la Agencia de Prensa Nóvosti,
_c1987.
300 _a50 p., [16] p. de lám. ;
_c17 cm.
610 1 4 _aIglesia Católica-
_zURSS.
_9139010
852 _aES-MaACL
_j2239-F-24
_9R.114734
999 _c169838
_d169838